ბათუმის შოთა რუსთაველის სახელმწიფო უნივერსიტეტის ბიბლიოთეკა

საქართველოს ძირეული ტყეები (ბიბ.ჩანაწერი № 49166)

000 -LEADER
fixed length control field 01078nam a2200241Ia 4500
001 - CONTROL NUMBER
control field 16077
003 - CONTROL NUMBER IDENTIFIER
control field GE_BSU
008 - FIXED-LENGTH DATA ELEMENTS--GENERAL INFORMATION
fixed length control field 181216s||||||||xx |||||||||||||| ||und||
020 ## - INTERNATIONAL STANDARD BOOK NUMBER
International Standard Book Number ISBN 99928-0-854-3
040 ## - CATALOGING SOURCE
Transcribing agency GE_BSU
080 ## - UNIVERSAL DECIMAL CLASSIFICATION NUMBER
Universal Decimal Classification number 581.526.42(479.22) + 630(479.22) + 630.187(479.22)
100 ## - MAIN ENTRY--PERSONAL NAME
Personal name ქვაჩაკიძე, რევაზ
245 ## - TITLE STATEMENT
Title საქართველოს ძირეული ტყეები
245 ## - TITLE STATEMENT
Remainder of title ანთროპოგენური სუქცესიები, აღდგენა, რეკონსტრუქცია
245 ## - TITLE STATEMENT
Statement of responsibility, etc. რედ.: ალექსანდრე ციცვიძე
260 ## - PUBLICATION, DISTRIBUTION, ETC.
Place of publication, distribution, etc. თბილისი.
260 ## - PUBLICATION, DISTRIBUTION, ETC.
Name of publisher, distributor, etc. მეცნიერება
260 ## - PUBLICATION, DISTRIBUTION, ETC.
Date of publication, distribution, etc. 2004
300 ## - PHYSICAL DESCRIPTION
Extent 101გვ;20სმ.
300 ## - PHYSICAL DESCRIPTION
Other physical details - რეზ. რუს. და ინგლ. ენ.. - ბიბლიოგრ.: გვ. 95-99.
653 ## - INDEX TERM--UNCONTROLLED
Uncontrolled term საქართველოს ტყეები; ტყეების აღდგენა; ტყის ტიპები;
942 ## - ADDED ENTRY ELEMENTS (KOHA)
Koha item type წიგნი

არაა ხელმისაწვდომი ეგზემპლარები.